| 000 | 00671nam a2200169 i 4500 | ||
|---|---|---|---|
| 001 | 99384 | ||
| 003 | ES-MaACL | ||
| 005 | 20230906182505.0 | ||
| 007 | t| | ||
| 008 | 050907s1908 sp b |||| | spa d | ||
| 100 | 1 |
_aMartín y Peinador, León. _977682 |
|
| 245 | 1 | 0 |
_aEstudios geográficos _b: Marruecos y plazas españolas, Argelia, Túnez y Trípoli, Sáhara y Sáhara español, Guinea continental e insular española. Problema Marroquí / _cLeón Martín y Peinador. |
| 260 |
_aMadrid : _b[s.n.], _c1908 ( _fImp. y L. Bernardo Rodriguez) |
||
| 300 |
_a460 p., 6 mapas ; _c22 cm. |
||
| 651 | 4 |
_aÁfrica septentrional- _xGeografía. _9165658 |
|
| 852 |
_aES-MaACL _jB-12729 |
||
| 999 |
_c99384 _d99384 |
||